000 00612nam a22002057a 4500
999 _c180462
_d180462
005 20210810111413.0
010 _aENG-129731
020 _a9789354492143
_c675.00
035 _aEN-113263
037 _bDBAD/PUB
082 _a658
100 _aMahak Mahajan
245 _aNTA UGC NET SET JRF management paper II /
_cby Mahak Mahajan
250 _a2nd ed.
260 _aNoida
_bPearson
_c2021
270 _a15th Floor, Tower-B, World Trade Tower, Plot No.1, Block-C, Sector-16
_bNoida
_e201301
300 _avp.
_c25cm(pbk)
500 _aincludes 2020 paper
942 _2ddc
_cEN
_h658
_mMAH